Who Tweeted? Quiz Stats

 Plays Quiz Updated Apr 5, 2019

Score 0/20 Timer 10:00
1 Play Today
Tweet Twitterer % Correct
@LIVESTRONG & @AmericanCancer just had gr8 meeting w/ @AmbassadorRice 's team @ the US Mission to UN re: global health & cancer. Excellent!Lance Armstrong
86.6%
PEOPLE u are the reason why I'm here, SO what song off of TEENAGE DREAM do u want to blow up NEXT?! Put a # next to the song YOU want!Katy Perry
67%
Awarding the Medal of Honor to Staff Sergeant Salvatore Giunta of the U.S. Army. Watch live at 2pm ET. http://wh.gov/liveBarack Obama
51.1%
I'm sorry Taylor.Kanye West
47.5%
Climate deniers funded by dirty energy. Not a surprise: http://bit.ly/cVGakIAl Gore
47.3%
While Portia's in NY, I'm gonna find my present! It's not in her closet, unless it's behind that pony-shaped floor lamp that just whinnied.Ellen DeGeneres
46.5%
Thanks to the over 4 million people who watched my TBS debut last night. And the 5 million others who tried to find TBS.Conan O'Brien
44.3%
Regrettably, I did in fact fail my most recent drug test and if I am asked, I am prepared to appear before judge Fox next week as a result.Lindsay Lohan
42.7%
In the joyful spirit of GivePeaceAChance I think its so appropriate that we are doing this on John’s 70th bday yr
http://bit.ly/BeatlesiT
Yoko Ono
42.5%
Making Christmas rum punch. Plus, a painted leather handbag how-to and a look inside a BMW plant. All on my show today on Hallmark Chnl!Martha Stewart
37.4%
Tweet Twitterer % Correct
Did a photoshoot last night w/ @jlo, @yo_randyjackson & steven tyler. Jen brought a big fan...didn't do much for Randy & me but felt niceRyan Seacrest
36.7%
@needtobreathe is my opening act for the Speak Now Tour. It'll be a nightly challenge to get ready for my show instead of watching theirs :)Taylor Swift
36.1%
Mons†ers have 6 Grammy Nominations + Billboard Award 'Artist of the Year.' Thank you for fighting for artistic freedom + self-invention.Lady Gaga
35.1%
Favorite Things airs today and Monday and is PHENOMENAL! It's a WOWSER!Oprah Winfrey
30.6%
PS - Star Magazine, Radar Online, Jason Alexander and the rest of you liars,
Ya'll can kiss my lily white southern Louisiana ass!
Britney Spears
28.5%
Stephen Martin will be on the show tonight. Sorry, I just can't bring myself to shorten that beautiful first name to 'Steve.'Stephen Colbert
25.3%
@Sn00ki u r right, I would never tax your tanning bed! Pres Obama's tax/spend policy is quite The Situation. but I do rec wearing sunscreen!John McCain
23.5%
Ground Zero Mosque supporters: doesn't it stab you in the heart, as it does ours throughout the heartland? Peaceful Muslims, pls refudiateSarah Palin
18.1%
Wanna tell me I'm too wide for the sky? Totally cool. But fair warning, folks: IF YOU LOOK LIKE ME, YOU MAY BE EJECTED FROM @SOUTHWESTAIR.Kevin Smith
15.9%
Watch The Office tonight, k? It's an hour-long 'Classy Christmas' directed by me!Rainn Wilson
12.6%

You're not logged in!

Compare scores with friends on all Sporcle quizzes.
OR
Log In

Sporcle TV

Today on Sporcle TV


Watch our educational content, quiz creation guides, and fun videos on Sporcle TV.

Show Comments

Extras

Top Quizzes Today


Score Distribution

Your Account Isn't Verified!

In order to create a playlist on Sporcle, you need to verify the email address you used during registration. Go to your Sporcle Settings to finish the process.

Report this User

Report this user for behavior that violates our Community Guidelines.

Details: